| 000 | 00679nam a22002177a 4500 | ||
|---|---|---|---|
| 999 |
_c63712 _d63712 |
||
| 005 | 20240530110655.0 | ||
| 008 | 171219s2015 ua g 000 f eng d | ||
| 017 |
_a2015/13745 _bمصر. دار الكتب |
||
| 020 | _a9789771452850 | ||
| 040 |
_aEG-CaGPL _cEG-CaGPL |
||
| 082 | 0 | 4 |
_221 _a813.03\ _bع ب |
| 100 | 0 | _aعمار على حسن | |
| 245 | 1 | 0 |
_aباب رزق / _cعمار على حسن |
| 250 | _aط.1 | ||
| 260 |
_aالقاهرة : _bدار نهضة مصر للنشر ، _c2015 . |
||
| 300 |
_a278 ص. ؛ _c20 سم. |
||
| 650 | 0 | 7 |
_2qrmak _aالقصص العربية |
| 651 | _2qrmak | ||
| 942 |
_2ddc _cBK |
||